NBA Players With More Rings Than Letters In Their Surname - Statistics

General Stats
  • This quiz has been taken 147 times
  • The average score is 7 of 15
Answer Stats
Rings Player Letters % Correct
11 Bill Russell 7
96%
6 Michael Jordan 6
85%
6 Scottie Pippen 6
66%
7 Robert Horry 5
62%
6 Bob Cousy 5
61%
8 K. C. Jones 5
55%
10 Sam Jones 5
55%
8 John Havlicek 8
50%
5 Steve Kerr 4
38%
8 Tom Heinsohn 8
25%
5 George Mikan 5
16%
7 Frank Ramsey 6
15%
3 Rick Fox 3
14%
8 Satch Sanders 7
14%
4 Frank Saul 4
3%
No matching quizzes found
Score Distribution
Percent of People with Each Score
Percentile by Number Answered
Your Score History
You have not taken this quiz